| 000 | 01729cas a2200457 4500 | ||
|---|---|---|---|
| 001 | 5293 | ||
| 005 | 20181127175149.0 | ||
| 008 | 871210d19872000txubr p 0 a0eng c | ||
| 010 | _asn 88010366 | ||
| 012 | _a-3-7-1510210048-p----- | ||
| 016 | 7 |
_a010463022 _2Uk |
|
| 022 | 0 |
_a1530-5821 _l _y _2 |
|
| 037 | _bAramco World, Box 469008, Escondido, CA 92046-9008 | ||
| 042 |
_apcc _ansdp |
||
| 043 |
_aaw----- _aa-su--- _ama----- |
||
| 222 | 0 |
_aAramco world _b |
|
| 245 | 1 | 0 | _aAramco world. |
| 246 | 3 | _aAramcoWorld | |
| 300 |
_avolume : _bcolor illustrations ; _c28 cm |
||
| 310 | _aBimonthly | ||
| 500 | _aLibrary receives free subscription. Subscription began with January/February 2016 issue. | ||
| 500 | _aTitle from cover. | ||
| 530 | _aAlso issued online. | ||
| 650 | 0 |
_aCivilization, Arab _vPeriodicals. |
|
| 650 | 0 |
_aIslamic civilization _vPeriodicals. |
|
| 650 | 0 |
_aPetroleum industry and trade _zSaudi Arabia _vPeriodicals. |
|
| 650 | 7 |
_aCivilization, Arab. _2fast _0(OCoLC)fst00862967 |
|
| 650 | 7 |
_aIslamic civilization. _2fast _0(OCoLC)fst01730294 |
|
| 650 | 7 |
_aPetroleum industry and trade. _2fast _0(OCoLC)fst01059546 |
|
| 651 | 0 |
_aArab countries _vPeriodicals. |
|
| 651 | 0 |
_aMiddle East _vPeriodicals. |
|
| 651 | 0 |
_aSaudi Arabia _vPeriodicals. |
|
| 651 | 7 |
_aArab countries. _2fast _0(OCoLC)fst01240128 |
|
| 651 | 7 |
_aMiddle East. _2fast _0(OCoLC)fst01241586 |
|
| 651 | 7 |
_aSaudi Arabia. _2fast _0(OCoLC)fst01210372 |
|
| 710 | 2 | _aArabian American Oil Company. | |
| 710 | 2 | _aAramco Services Company. | |
| 710 | 2 | _aSaudi Aramco. | |
| 776 | 0 | 8 |
_iOnline version: _tAramco world (Washington, D.C.) _w(OCoLC)760804632 |
| 856 |
_aBack issues _uhttp://archive.aramcoworld.com/index/BackIssues2010.aspx _y _z _3 |
||
| 999 |
_c4439 _d4439 |
||